000 00351nam a2200145Ia 4500
008 230711s9999||||xx |||||||||||||| ||und||
041 _aENG
082 _a621
_bCS-T
100 _aCsonka,Pal
245 0 _aTheory and practice of membrane shells
250 _a1st . Ed.
260 _c1987
_aNew Delhi
_bVerlag
650 _aCivil Engineering
942 _cBK
999 _c651
_d651